000 02033cam a22003491 4500
001 gs 40000271
003 DLC
005 20260227111345.0
008 770805s1939 vauabf s000 0 eng c
010 _ags 40000271
035 _a(OCoLC)3163992
040 _aU.S. Geol. survey. Library
_cLNU
_dDLC
050 0 0 _aQE173
_b.A2 no. 51
110 2 _aVirginia Geological Survey.
245 1 0 _aContributions to Virginia geology--II.
260 _aUniversity, Va.,
_c1939.
300 _axi, 185 p. incl. illus., tables
_b26 pl. (incl. fold. maps, fold. diagr.)
_c23 cm.
490 0 _aBulletin 51
500 _aAt head of title: Commonwealth of Virginia. Virginia conservation commission. Virginia Geological survey ...
500 _aEach section has special t.-p. and contents.
505 0 _aA. A southeastern limestone facies of lower Cambrian dolomite in Wythe and Carroll counties, Virginia, by G. W. Stose and A. I. Jonas.--B. Geology of Powell valley in northeastern Lee county, Virginia, by R. L Bates.--C. Ridge-making thin sandstone in Frederick county, Virginia, by R. S. Edmundson.--D. Varved slates in Fauquier county, Virginia, by L. R. Thiesmeyer.--E. Geology and artesian-water resources of a part of the southern Virginia coastal plain, by D. J. Cederstrom.--F. Notes on the Petersburg granite, by R. O. Bloomer.--G. Origin of the narrow Cambrian belts north of Draper mountain, Virginia, by B. N. Cooper.--H. Geology of Little North mountain in northern Virginia, by Charles Butts and R. S. Edmundson.
650 0 _aGeology
_zVirginia.
700 1 _aStose, George Willis,
_d1869-1960.
700 1 _aJonas, Anna I.
_q(Anna Isabel),
_d1881-
700 1 _aBates, Robert Latimer,
_d1912-
700 1 _aEdmundson, Raymond Smith,
_d1908-
700 1 _aThiesmeyer, Lincoln R.
_q(Lincoln Reuber),
_d1908-
700 1 _aCederstrom, D. J.
_q(Dagfin John),
_d1908-1997.
700 1 _aBloomer, Robert O.
_q(Robert Oliver),
_d1912-
700 1 _aCooper, Byron Nelson,
_d1912-1971
700 1 _aButts, Charles,
_d1863-1946.
999 _c27655
_d27655